000 00295nam a22001337a 4500
008 170621b xxu||||| |||| 00| 0 eng d
020 _a9780226901312
041 _aeng
080 _a32
100 _a20
101 _aSHP
245 _aTHE TRULY DISADVANTAGED
_cWILSON.W.J
942 _2udc
_cBK
999 _c18486
_d18486